000 01357nam a2200325 c 4500
999 _c188528
_d188528
003 BLK
005 20250110173104.0
008 180411b bul|||||r ||||||| ||bul||
010 _aKNG00197546000
040 _aBLK
041 _aBUL
_cBUL
080 _aАмериканска литература (на САЩ)
_b821.111(73)
_x-31
_z821.111(73)-31
100 1 _aТул, Джон Кенеди
_eпърви автор
_9131716
139 _aТул, Джон Кенеди
_bТ 89
245 1 0 _aСговор на глупци
_bРоман
_cДжон Кенеди Тул; прев. от англ. Виниамин Младенов.
257 _aUSA
260 _aСофия
_bНар. култура
_c1989
_fВ. Търново : Д. Найденов
300 _a425 с., 1 л.
_bпортр.
_c21 см
380 _aX
490 _aБиблиотека Избрани романи
_v1989, 1
_9201228
500 _aОриг. загл. A confederacy of dunces / John Kennedy Toole. - Без тир.
700 1 _aМладенов, Виниамин
_eпрев. от англ.
_9332514
852 _aЦб 157084
856 4 _qpdf
_i0.00
_ldisable
856 4 _qpdf
_i0.00
_ldisable
942 _cKNG
_n0
_04
_s1
944 _aCR
_c06.12.2016
_k30530
_lМинев Младен
944 _aED
_c06.12.2016
_kКети_Илиева
999 _d188528